| 000 | 00561nam a22001817a 4500 | ||
|---|---|---|---|
| 999 |
_c192076 _d192076 |
||
| 005 | 20220912104458.0 | ||
| 010 | _aENG-135014 | ||
| 020 | _c200.00 | ||
| 035 | _aEN-118546 | ||
| 037 | _bDBAD/PUB | ||
| 082 | _a338.954 | ||
| 100 | _aGhodke, N.B. | ||
| 245 |
_aSubversion of Nehruvian Economics: _bA critique of Economic Reforms/ _cN.B. Ghodke |
||
| 260 |
_aDharwad _bVijayalakshmi Prakashana _c2016 |
||
| 270 |
_a"Shree Renuke", 5th Cross, Laxmi Nagar _bDharwad _e580004 |
||
| 300 |
_aiv, 160p. _c21cm(pbk) |
||
| 942 |
_2ddc _cEN _h338.954 _mGHO |
||